000 00945cam a2200265 i 4500
005 20191224041557.0
008 000431s19690000ck a r 0 spa d
015 _aSSS
040 _aCO-BoPUJ
_cCO-BoIAVH
_dCO-BoIAVH
041 _aspa
044 _ack
082 0 4 _a598.09861
_bO48a2
100 1 _aOlivares, Antonio
245 1 0 _aAves de Cundinamarca /
_cAntonio Olivares.
260 _aBogotá :
_bUniversidad Nacional de Colombia ,
_c1969.
300 _axxxvi, 425 páginas ;
_c24 cm.
500 _aIncluye índice.
590 _aIncluye bibliografia Ornitologica de Cundinamarca
650 1 4 _aAves
_xIdentificación
_zCundinamarca (Colombia)
650 2 4 _aAves
_xClasificación
_zCundinamarca (Colombia)
650 2 4 _aOrnitología
710 2 _aUniversidad Nacional de Colombia. Bogota. Facultad de Ciencias
710 2 _aInstituto de Ciencias Naturales. Bogota
942 _2ddc
_cLIBRO
999 _c1252
_d1252